| 000 | 00629nam a2200133Ia 4500 | ||
|---|---|---|---|
| 008 | 171212s9999 xx 000 0 und d | ||
| 020 | _a9780833045485 | ||
| 100 | _aOweidat, Nadia;Benard, Cheryl;Stahl, Dale;Kildani, Walid;O'Connell, Edward | ||
| 245 |
_cOweidat, Nadia;Benard, Cheryl;Stahl, Dale;Kildani, Walid;O'Connell, Edward _aThe Kefaya Movement _bA Case Study of a Grassroots Reform Initiative |
||
| 260 |
_bRAND Corporation _c2008 |
||
| 650 | _aKifayah (Organization); Opposition (Political science) -- Egypt; Egypt -- Politics and government -- 1981– | ||
| 650 | _aLaw | ||
| 856 | _uwww.jstor.org/stable/10.7249/mg778osd | ||
| 999 |
_c352683 _d352683 |
||